The19th Biennial symposium on plantation crops : Climate change, Placrosym XIX, 7-10 December 2010 : Abstracts (Record no. 44434)

MARC details
000 -LEADER
fixed length control field 00410nam a2200121Ia 4500
082 ## - DEWEY DECIMAL CLASSIFICATION NUMBER
Item number PLA.19;6
245 #0 - TITLE STATEMENT
Title The19th Biennial symposium on plantation crops : Climate change, Placrosym XIX, 7-10 December 2010 : Abstracts
260 ## - PUBLICATION, DISTRIBUTION, ETC. (IMPRINT)
Place of publication Rubber Research Institute of India
Name of publisher Kottayam
Year of publication 2010
650 ## - SUBJECT ADDED ENTRY--TOPICAL TERM
Topical Term Crop management
650 ## - SUBJECT ADDED ENTRY--TOPICAL TERM
Topical Term Crop protection
942 ## - ADDED ENTRY ELEMENTS (KOHA)
Koha item type Books
Holdings
Withdrawn status Lost status Damaged status Not for loan Home library Current library Date acquired Source of acquisition Full call number Accession Number Koha item type
        RRII Library RRII Library 16/12/2021 Gift PLA.19;6 G01181 Books